00430nam a2200157Ia 450000500170000000800410001704000190005804100120007708200150008924500910010425000080019530000140020365000230021770000220024085000100026220230210092846.0131103s9999 xx 000 0 und d aLoreto College aEnglish a820.9bMAT aForetaste of fictionb And other leisure reading cCompiled by D.Mattam & K. H. Rogers a1st aIx,118p.  aEnglish Literature aMattam, D; cmp.  aLCLIB